Сборник задач по аналитической геометрии: учебное пособие

Bibliographic Details
Main Author: Клетеник Д. В. Давид Викторович
Language:Russian
Published: Москва, Наука, 1986
Subjects:
Format: Book
KOHA link:https://koha.lib.tpu.ru/cgi-bin/koha/opac-detail.pl?biblionumber=33091

MARC

LEADER 00000nam0a2200000 4500
001 33091
005 20231101210135.0
035 |a (RuTPU)RU\TPU\book\33413 
035 |a BOOK00000064 
090 |a 33091 
100 |a 20011210d1986 m y0rusy50 ca 
101 0 |a rus 
102 |a RU 
105 |a y j 000zy 
200 1 |a Сборник задач по аналитической геометрии  |e учебное пособие  |f Д. В. Клетеник 
210 |a Москва  |c Наука  |d 1986 
215 |a 222 с. 
451 1 |0 (RuTPU)RU\TPU\book\9073  |y 58645-7055-9  |t Сборник задач по аналитической геометрии  |o учебное пособие  |f Д. В. Клетеник  |c Санкт-Петербург  |n Специальная литература  |d 1998  |p 200 с.  |a Клетеник, Давид Викторович 
451 1 |0 (RuTPU)RU\TPU\book\33412  |t Сборник задач по аналитической геометрии  |o учебное пособие  |f Д. В. Клетеник  |c Москва  |n Наука  |d 1980  |p 240 с.  |a Клетеник, Давид Викторович 
606 |a Аналитическая геометрия  |2 stltpush  |3 (RuTPU)RU\TPU\subj\28991  |9 52410 
610 1 |a математика 
610 1 |a задачи 
610 1 |a плоскость 
610 1 |a пространство 
610 1 |a учебные пособия 
675 |a 514.12(076)  |v 3 
700 1 |a Клетеник  |b Д. В.  |g Давид Викторович 
801 0 |a RU  |b 63413507  |c 20011210  |g PSBO 
801 2 |a RU  |b 63413507  |c 20221006  |g PSBO 
900 |a Математика 
900 |a Высшая математика 
900 |a Аналитическая геометрия и линейная алгебра 
900 |a Геометрия и алгебра 
942 |c BK